000 00680nam a22002057a 4500
005 20100804162030.0
010 _aENG-98139
020 _c200.00
035 _aEN-81672
037 _bDBAD/PUB
082 _a921
100 _aJanakiram, Achanta
_96319
245 _aWhat a life :
_bautobiography /
_cby Achanta Janakiram; translated by C. Vijayasree
260 _aKuppam
_bDravidian University
_c2009
270 _aSrinivasavanam
_bKuppam
_e517425
300 _aix, 207p.
_c21cm (pbk)
700 _aVIjayasree, C.
_96320
942 _2ddc
_cEN
_h921
_mJAN
999 _c39303
_d39303